La gracia de los retratos antiguos /
Breve folleto compuesto por tres ensayos relacionados con los retratos fotográficos de México en el siglo XIX. Los títulos son: El siglo XIX en fotografías; La fotografía en el siglo XIX; La imagen fotográfica del México romántico.
Salvato in:
| Autore principale: | |
|---|---|
| Altri autori: | , |
| Natura: | Libro |
| Lingua: | spagnolo |
| Soggetti: | |
| Tags: |
Nessun Tag, puoi essere il primo ad aggiungerne!!
|
MARC
| LEADER | 00000nam^a2200000^a^4500 | ||
|---|---|---|---|
| 001 | 000124885 | ||
| 005 | 20250521000000.0 | ||
| 009 | 20260310094629.024 | ||
| 037 | |a Acervo ITESO - Biblioteca | ||
| 041 | |a ESP | ||
| 082 | |a 770. 972 |b GAR | ||
| 100 | |a García Beraza, Felipe |e (autor) | ||
| 245 | 1 | 3 | |a La gracia de los retratos antiguos / |c F. García Beraza, R. Verdugo, C. Díaz y de Ovando. |
| 264 | |a México : |b Instituto Mexicano Norteamericano de Relaciones Culturales, |c 1978 | ||
| 300 | |a 1 v. (sin paginación) | ||
| 336 | |a texto |b txt |2 rdacontenido | ||
| 337 | |a sin mediación |b n |2 rdamedio | ||
| 338 | |a volumen |b nc |2 rdasoporte | ||
| 520 | |a Breve folleto compuesto por tres ensayos relacionados con los retratos fotográficos de México en el siglo XIX. Los títulos son: El siglo XIX en fotografías; La fotografía en el siglo XIX; La imagen fotográfica del México romántico. | ||
| 649 | |a XX | ||
| 650 | |a Retrato (Fotografía) | ||
| 650 | |a Fotografía en Blanco y Negro | ||
| 650 | |a Fotografía Mexicana - |y Siglo XIX | ||
| 650 | |a Arte Mexicano - |y Siglo XIX | ||
| 650 | |a Arte Mexicano - |x Historia y Crítica | ||
| 650 | |a México - |x Historia - |y Siglo XIX | ||
| 700 | |a Verdugo, René |e (autor) | ||
| 700 | |a Díaz y de Ovando, Clementina |e (autor) | ||
| 910 | |a Fondo Salvador Reynoso Reynoso | ||
| 920 | |a Impresos - Libros | ||
| 930 | |a Fondos Especiales | ||
| 905 | |a 112 | ||
| 901 | |a 0800007860 |b IT2 |c ESP |u 20250521 | ||
| 901 | |a 0800008111 |b IT2 |c ESP |u 20250521 | ||
| 902 | |a https://opac.biblio.iteso.mx/vufind/Record/000124885 | ||